000 01102naa a22003137a 4500
001 BR7500941
003 BR-BrBNA
005 20240918173723.0
007 ta
008 230509b bl.||||| |||| 00| 0 por d
040 _aBR-BrBNA
_bpor
_cBiblioteca Nacional de Agricultura
041 _a(Pt)
072 _aF25; F00
_b0150
_bG514
090 _aF25 BR7500941
100 1 _aSilva, J.F. da
245 1 _aEstudo da adubacao nitrogenada nas diferentes epocas do desenvolvimento da cultura do arroz [Oryza sativa l; Cultura irrigada; Brasil]
260 3 _aRecife, PE (Brasil):
_c1975.
500 _aRelatorio anual; pesquisas agropecuarias 1975 Recife, PE (Brasil): 1975. p. 102-107 (BR7500941-AM)F25
650 _aFertilidade do solo
650 _aFertilizante
650 _aProducao vegetal
650 _aArroz
650 _aFertilizante nitrogenado
650 _aCultura irrigada
650 _aRendimento
773 0 _tRelatorio anual; pesquisas agropecuarias 1975
_wF25 BR7500941
_gRecife, PE (Brasil), 1975. p. 102-107
909 _a202404
_bLucia
_c55
_dLucia Elande
942 _cAM
_2AGRIS
999 _c306435
_d306435